Flagge zur Hauptstadt in 60 Sekunden - Statistiken

Allgemein
  • Dieses Quiz wurde 46 mal gespielt
  • Das Durchschnittsergebnis liegt bei 8 aus 12
Antwortstatistiken
Bildquiz Antwort % Korrekt
Valletta
86%
Bratislava
78%
Dublin
72%
Jerewan
72%
São Tomé
72%
Antananarivo
67%
Vientiane
67%
Dili
61%
Port of Spain
61%
Juba
50%
Yaoundé
42%
Duschanbe
25%
Keine übereinstimmenden Quizze gefunden
Verteilung der Resultate
Anzahl Personen mit jedem Resultat
Perzentil nach korrekt beantworteten Fragen
Ihre Resultats-Entwicklung
Sie haben dieses Quiz noch nicht gespielt